000 00660nam a2200205Ia 4500
003 IN-BaIIA
008 211028s9999 xx 000 0 eng d
020 _a978-1-4200-7676-9
040 _cIIA Library
080 _a52-77
_bMAR
100 _aMarr, J. M
_936789
245 0 _aFundamentals of radio astronomy :observational methods
_bobservational methods
_cJonathan M. Marr, Ronald L. Snell and Stanley E. Kurtz
260 _aBoca Raton
_bCRC Press
_c2016
300 _axv, 330p.
650 _aRadio astronomy
_92849
650 _aRadio astronomy - observers' manuals
_936790
700 _aKurtz, S. E.
_936791
700 _aSnell, R. L
_936792
942 _cBK
999 _c19248
_d19248